| 000 | 01802nam0a2200385 4500 | ||
|---|---|---|---|
| 001 | RU\NLR\BIBL_A\011630827 | ||
| 005 | 20180302120127.0 | ||
| 010 | _a978-5-386-10415-3 | ||
| 021 |
_aRU _bКН-П-18-0264 _9КН-П-18-003843 |
||
| 035 | _a(NLR Aleph) 011630827 | ||
| 035 | _a(RuMoRGB)009524111 | ||
| 090 |
_a11033098 _c11033098 |
||
| 100 | _a20180216d2018 k y0rusy50 ca | ||
| 101 | 1 |
_arus _ceng |
|
| 102 | _aRU | ||
| 105 | _aab z 000zy | ||
| 200 | 1 |
_aЯпонская система продления жизни _eсекреты страны Восходящего Солнца _e[программа острова Окинава] _fБ. Дж. Уилкокс, Д. К. Уилкокс, М. Судзуки _g[перевод с английского Е. Г. Богдановой] |
|
| 210 |
_aМосква _cРипол классик _d2018 |
||
| 215 |
_a539, [2] с. _cил., карты _d21 |
||
| 225 | 1 | _aHappy life | |
| 300 | _aЗагл. и авт. ориг.: The Okinawa program / Bradley J. Willocox, M. D., D. Craig Willcox, Ph. D. and Makoto Suzuki, M. D. | ||
| 333 | _a16+ | ||
| 454 | 0 |
_12001#$aThe Okinawa program _1700#1$aWillocox$bB. J.$gBradley J _1701#1$aWillcox$bD. G.$gD. Craig _1701#1$aSuzuki$bM.$gMakoto |
|
| 606 | 1 |
_aЖизнь _xПродление _yЯпония _2nlr_sh2 _3RU\NLR\AUTH\661508073 |
|
| 606 | 1 |
_aЗдоровье _xВлияние образа жизни _yЯпония _2nlr_sh2 _3RU\NLR\AUTH\661485414 |
|
| 686 |
_aР120.4я9 _2rubbk |
||
| 686 | 1 | _aР120.4(5Я) | |
| 686 | 1 | _aР123.0 | |
| 700 | 1 |
_aУилкокс _bБ. Д. _gБрэдли Дж |
|
| 701 | 1 |
_aУилкокс _bД. К. _gД. Крэйг |
|
| 701 | 1 |
_aСудзуки _bМ. _gМакото _3RU\NLR\AUTH\770128440 |
|
| 942 | _cBOOK | ||
| 980 | _aNBR | ||
| 980 | _aNB | ||